00362nam a2200121Ia 4500008004100000041000800041082001200049100001900061245005900080260003800139300001900177520004400196240719s9999 xx 000 0 und d aeng a320 SIN aSingh, Tavleen aPolitical and incorrect : the real India warts and all aNoidabHarper Collins Indiac2014 a313.; P. 22 cm aFaculty Purchase By Dr. Jitendra Sharma